000 00778nam a22002415i 4500
001 166584
003 ES-MaACL
005 20250814064715.0
008 050915s1891 it | |||||||| ||ita d
100 1 _aTozer, H.F.
_9133365
245 1 0 _aGeografia classica /
_cdi H.F. Tozer ; traduzione e note di Iginio Gentile.
250 _a5ª ed. riv. e corr.
260 _aMilano :
_bUlrico Hoepli,
_c1891 (
_fTip. Lombardi)
300 _a168 p. ;
_c15 cm.
490 1 _aManuali Hoepli ;
_v9
650 7 _aGeografía antigua
_2embne
_9136173
700 1 _aGentile, Iginio.
_956358
700 1 _aHoepli, Ulrico.
_9128010
752 _aItalia -
_dMilán
830 1 _aManuali Hoepli ;
_v9
_9180782
852 _aES-MaACL
_jD-4235
_z- Enc. ed. en tela
999 _c166584
_d166584